000 00345 a2200133 4500
000 nam a22 7a 4500
100 _aSahu, Suraj Pal
110 _aSahu, Suraj Pal
245 _aMurtikala ka Itihas
250 _aLatest edition
260 _bVishav bharti publication
_c2024
264 _bVishav bharti publication
_c2024
942 _cBK
999 _c395990
_d395990